| 000 | 00480nam a2200133Ia 4500 | ||
|---|---|---|---|
| 008 | 200910s9999 xx 000 0 und d | ||
| 020 | _a978-074-94-8468-2 | ||
| 100 | _aSteve, Wheeler | ||
| 245 |
_cWheeler Steve _aDigital learning in organization: _bhelp your workforce capitalize on technology/ |
||
| 260 |
_aQuezon City: _bC and E Publishing, Inc. _c2019 |
||
| 300 |
_axiv, 256 pages _c23 cm. |
||
| 650 | _aInformation technology -- management | ||
| 650 | _aOrganizational learning | ||
| 999 |
_c364170 _d364170 |
||